Admit impediment : poems /

Bibliographic Details
Main Author: Ponsot, Marie
Format: Book
Language:English
Published: New York : Knopf : 1981.
Edition:1st ed.
Series:Knopf poetry series ; 5.

MARC

Tag First Indicator Second Indicator Subfields
LEADER 00000pam a2200000 a 4500
001 in00000071288
005 20151008062138.0
008 810427s1981 nyu 00010 eng
010 |a  80002727  
020 |a 0394514505 :  |c $10.95 
020 |a 039474845X (pbk.) :  |c $7.95 
035 |a (OCoLC)07553154 
035 |9 AAJ9616AM 
039 0 |a 2  |b 3  |c 3  |d 3  |e 3 
040 |a DLC  |c DLC  |d TXA  |d UtOrBLW 
049 |a TXAM  |c [1422114] 
050 0 0 |a PS3531.O49  |b A64 1981 
082 0 |a 811/.54  |2 19 
100 1 |a Ponsot, Marie. 
245 1 0 |a Admit impediment :  |b poems /  |c by Marie Ponsot. 
250 |a 1st ed. 
264 1 |a New York :  |b Knopf :  |c 1981. 
264 2 |a New York :  |b Distributed by Random House, 
300 |a xi, 144 pages ;  |c 22 cm. 
336 |a text  |b txt  |2 rdacontent 
337 |a unmediated  |b n  |2 rdamedia 
338 |a volume  |b nc  |2 rdacarrier 
490 1 |a Knopf poetry series ;  |v 5] 
830 0 |a Knopf poetry series ;  |v 5. 
999 |a MARS 
999 f f |s 501e6839-167d-3df2-975b-36cf45e9c12f  |i 37a72cf5-bcf3-3f5d-8912-f908d3dbcc00  |t 0 
952 f f |p ric  |a Texas A&M University  |b Rellis Campus  |c Joint Library Facility  |d Remote Storage  |t 0  |e PS3531.O49 A64 1981  |h Library of Congress classification  |i unmediated -- volume  |m A14806191288 
998 f f |a PS3531.O49 A64 1981  |t 0  |l Remote Storage